000 00574nam a2200181 i 4500
001 132419
003 ES-MaACL
005 20230906194156.0
007 t|
008 070214s1941 sp r ||||1| spa d
100 1 _aRomero Flores, H. R.
_999392
245 1 0 _aUnamuno :
_bnotas sobre la vida y la obra de un máximo español /
_cH.R. Romero Flores.
260 _aMadrid :
_bHesperia,
_c1941.
300 _a202 p. :
_b1 retr. ;
_c19 cm.
600 1 4 _aUnamuno, Miguel de,
_d1864-1936-
_xBiografías
_9172375
852 _aES-MaACL
_jF-14744
999 _c132419
_d132419